Statistics for 10 Highest All-Time Playoff Scoring Leaders who have Passed Away

Click here to take the quiz!

General Stats

  • This quiz has been taken 4 times
  • The average score is 6 of 10

Answer Stats

WSPlayer% Correct
2673Bill Russell
100%
3607Wilt Chamberlain
100%
3623Elgin Baylor
75%
5640Kobe Bryant
75%
3116Dennis Johnson
50%
1887Dolph Schayes
50%
3776John Havlicek
50%
2909Sam Jones
50%
2077Moses Malone
25%
2058Tommy Heinsohn
0%

Score Distribution

Percentile by Number Answered

Percent of People with Each Score

Your Score History

You have not taken this quiz